| 000 | 01215cam a22002775a 4500 | ||
|---|---|---|---|
| 999 |
_c7515 _d7515 |
||
| 003 | EG-ScBUE | ||
| 005 | 20201124142025.0 | ||
| 008 | 080915s1950 ua r f 000 0dara ara d | ||
| 040 |
_aEG-ScBUE _bara _erda _cEG-ScBUE _dEG-ScBUE |
||
| 041 | 1 |
_aara _hfre |
|
| 082 | 0 | 4 |
_a401 _bف ن د _222 |
| 245 | 1 | 2 |
_aاللغة / _cج. فندريس ؛ تعريب عبد الحميد الدواخلي، الأستاذ المساعد بكلية دار العلوم بجامعة فؤاد الأول، محمد القصاص، المدرس بكلية الآداب بجامعة فؤاد الأول. |
| 264 | 1 |
_a[القاهرة] : _bمكتبة الأنجلو المصرية، _c1950. |
|
| 300 |
_a471 صفحة ؛ _c24 سم |
||
| 336 |
_2rdacontent _aنص _btxt |
||
| 337 |
_2rdamedia _aبدون وسيط _bn |
||
| 338 |
_2rdacarrier _aمجلد _bnc |
||
| 500 | _aيشتمل على ملاحق. | ||
| 504 | _aيشتمل على إرجاعات ببليوجرافية. | ||
| 541 |
_aالف باء _cشراء |
||
| 546 | _aالنص باللغة العربية تم ترجمته من اللغة الفرنسية. | ||
| 590 | _aeman | ||
| 653 |
_bGGEN _cDecember2019 |
||
| 655 |
_vReading book _934232 |
||
| 942 |
_cBB _k401 ف ن د _2ddc |
||